[Event "Wch Seniors 08th"]
[Site "Grieskirchen"]
[Date "1998.11.21"]
[Round "11"]
[White "Freder, Heinrich"]
[Black "Braeu, Ludwig"]
[Result "1-0"]
[WhiteElo "1919"]
[BlackElo "1813"]
[PlyCount "33"]
[EventDate "1998.11.08"]
[EventType "swiss"]
[EventRounds "11"]
[EventCountry "AUT"]
[SourceTitle "CBM 067 Extra"]
[Source "ChessBase"]
[SourceDate "1999.01.01"]
[SourceVersion "1"]
[SourceVersionDate "1999.01.01"]
[SourceQuality "1"]

1. d4 d5 2. Nf3 e6 3. e3 Nf6 4. Bd3 Bd6 5. 0-0 0-0 6. b3 Nbd7 7. Bb2 Ne4 8. Nbd2 Nxd2 9. Qxd2 f6 10. c4 Qe8 11. e4 dxe4 12. Bxe4 e5 13. c5 Be7 14. c6 bxc6 15. Bxc6 Ba6 16. Bxa8 Bxf1 17. Bd5+ 1-0

[Event "Wch Seniors 08th"]
[Site "Grieskirchen"]
[Date "1998.11.13"]
[Round "5"]
[White "Freder, Heinrich"]
[Black "Bahr, Otto"]
[Result "1/2-1/2"]
[WhiteElo "1919"]
[BlackElo "1752"]
[PlyCount "81"]
[EventDate "1998.11.08"]
[EventType "swiss"]
[EventRounds "11"]
[EventCountry "AUT"]
[SourceTitle "CBM 067 Extra"]
[Source "ChessBase"]
[SourceDate "1999.01.01"]
[SourceVersion "1"]
[SourceVersionDate "1999.01.01"]
[SourceQuality "1"]

1. d4 d5 2. Nf3 e6 3. e3 c5 4. b3 Be7 5. Bb2 Nf6 6. Bd3 Nc6 7. 0-0 0-0 8. Nbd2 cxd4 9. exd4 Bd7 10. a3 Rc8 11. Re1 h6 12. Qe2 Qb6 13. Ne5 Nxd4 14. Bxd4 Qxd4 15. Ndf3 Qc3 16. g4 Bc6 17. Qe3 Ne4 18. Qd4 Qxd4 19. Nxd4 Bc5 20. Nexc6 bxc6 21. Bxe4 Bxd4 22. Rad1 Bb2 23. Bd3 Bxa3 24. h4 Be7 25. h5 Rc7 26. Kg2 d4 27. c4 c5 28. f4 Bf6 29. Kf3 Rb8 30. Bc2 Rd8 31. Ke4 d3 32. Rxd3 Rxd3 33. Kxd3 Rd7+ 34. Ke3 a5 35. Rd1 Bd4+ 36. Kf3 Kf8 37. g5 hxg5 38. fxg5 Ke7 39. Kf4 Rd6 40. Rh1 Rd8 41. Be4 1/2-1/2

[Event "Wch Seniors 07th"]
[Site "Bad Wildbad"]
[Date "1997.??.??"]
[Round "8"]
[White "Rosen, Willy"]
[Black "Freder, Heinrich"]
[Result "1-0"]
[WhiteElo "2285"]
[BlackElo "1945"]
[PlyCount "81"]
[EventDate "1997.11.13"]
[EventType "swiss"]
[EventRounds "11"]
[EventCountry "GER"]
[SourceTitle "EXT 1999"]
[Source "ChessBase"]
[SourceDate "1998.11.16"]
[SourceVersion "1"]
[SourceVersionDate "1998.11.16"]
[SourceQuality "1"]

1. e4 e5 2. Nf3 d6 3. d4 Nd7 4. Bc4 c6 5. 0-0 Be7 6. a4 Ngf6 7. Nc3 a5 8. Re1 0-0 9. Bg5 Qc7 10. Nh4 g6 11. Ba2 Re8 12. dxe5 dxe5 13. Qf3 Kg7 14. Qh3 Nf8 15. Bh6+ Kg8 16. Qf3 Be6 17. Nf5 Bxa2 18. Rxa2 Ne6 19. Nxe7+ Qxe7 20. Ne2 Red8 21. Qg3 Nc5 22. f3 Rd7 23. Qh4 Ne6 24. Be3 c5 25. Raa1 Rad8 26. Qg3 Nd4 27. Nxd4 exd4 28. Bg5 Qe6 29. Qh4 Re8 30. Bxf6 h6 31. e5 Kh7 32. Re4 Qf5 33. Rf4 Qh5 34. Qxh5 gxh5 35. Rd1 Kg6 36. Kf2 Re6 37. b3 Rb6 38. Bh4 Rb4 39. Rf6+ Kg7 40. Rd6 Rc7 41. Bd8 1-0

[Event "GER-ch Seniors 07th"]
[Site "Oldenburg"]
[Date "1995.??.??"]
[Round "5"]
[White "Freder, Heinrich"]
[Black "Blachmann, Horst"]
[Result "1/2-1/2"]
[WhiteElo "2014"]
[BlackElo "1957"]
[PlyCount "73"]
[EventDate "1995.08.24"]
[EventType "swiss"]
[EventRounds "9"]
[EventCountry "GER"]
[SourceTitle "EXT 2022"]
[Source "ChessBase"]
[SourceDate "2021.10.06"]
[SourceVersion "1"]
[SourceVersionDate "2021.10.06"]
[SourceQuality "1"]

1. d4 d5 2. Nf3 c6 3. Bf4 Nd7 4. e3 Qb6 5. Qc1 Ndf6 6. c4 e6 7. Nc3 Nh5 8. Bg3 Nxg3 9. hxg3 Nf6 10. Bd3 dxc4 11. Bxc4 Bb4 12. Qc2 Qa5 13. Kf1 Bxc3 14. bxc3 g6 15. e4 Nxe4 16. Rc1 Nd6 17. Bd3 Bd7 18. Ne5 0-0-0 19. Qb3 Qd5 20. Qb2 Be8 21. c4 Qa5 22. c5 Nf5 23. Nc4 Qc7 24. Bxf5 gxf5 25. Nd6+ Rxd6 26. cxd6 Qxd6 27. d5 e5 28. dxc6 Bxc6 29. Qb3 Qe6 30. Qxe6+ fxe6 31. Rh6 Kd7 32. f3 e4 33. Kf2 Bd5 34. a3 exf3 35. gxf3 Kd6 36. f4 a5 37. Rb1 1/2-1/2